000 00751nam a2200253Ia 4500
003 OSt
005 20220923225533.0
006 a|||||r|||| 00| 0
007 ta
008 tam
024 _a270,672
037 _cTextual
040 _aARTS
_cARTS
_btam
041 _2tam
_atam
082 _aO31,1M82x, 152K2
245 0 _aकविश्री माला
_b तमिल
246 _aKavishrī mālā: tamila
260 _aवर्धा
_b राष्ट्रªªभाषा प्रचार समिति
_c1962
300 _a129पृ0
_ccm.
650 _a तमिल साहित्य
650 _aतमिल कविता
942 _hO31,1M82x, 152K2
_cTEXL
_2CC
999 _c378933
_d378933